| 000 | 00838nam a2200253 a 4500 | ||
|---|---|---|---|
| 001 | BRCA_6309 | ||
| 005 | 20190320205416.0 | ||
| 008 | 050811s1925----nyua######---#000-0#eng-# | ||
| 041 | _aeng | ||
| 044 | _anyu | ||
| 050 | 4 |
_aN1 _b.A78 3 1925 |
|
| 245 | 1 | 0 |
_aThe Art Bulletin _ban Illustrated Quarterly _ceditor John Shapley. |
| 260 |
_aNueva York _bCollege Art Asociation of America _c1925 |
||
| 300 |
_a2 fascículos _bil. _c31 cm. |
||
| 500 | _aVol. VIII, No. 1 septiembre, 1925. Vol. VIII, No. 2 diciembre, 1925. | ||
| 500 | _aBoletín inventariado por Banco de México como libro | ||
| 500 | _aVer también C95 y P145 | ||
| 500 | _aQ179 | ||
| 650 | 1 | 4 |
_aArte _xPublicaciones periódicas _915226 |
| 700 | 1 |
_aShapley, John _eEditor _915834 |
|
| 710 | 2 |
_aCollege Art Association of America _915835 |
|
| 902 | _aGFM | ||
| 942 |
_2lcc _cB |
||
| 999 |
_c5995 _d5995 |
||